000 00408nam a2200169Ia 4500
008 210719s1997 xx 000 0 und d
041 _aeng
082 _a346.066 WADC
100 _aWADHWAS
245 _aCompanies act 1956
260 _aAgra
_bWadhwa and Company
_c1997
300 _a678
_bPB
365 _b140
_cRs
650 _aCompany Law
650 _aCompany Law
906 _a1956 ; act ; Companies
999 _c215962
_d215962